| 000 | 00479nam a2200181Ia 4500 | ||
|---|---|---|---|
| 003 | GCL | ||
| 008 | 140319s9999 xx 000 0 eng d | ||
| 040 |
_aGCL / _cGCL |
||
| 082 | 0 | 4 |
_a915.9 _bC P |
| 100 | 1 | _aCHALIANL, GERARD | |
| 245 | 1 | 0 |
_aA PEOPLE WITHOUT A COUNTRY: THE KURDS & KURDISTAR / _cCHALIANL, GERARD |
| 260 |
_a[S.N] : _bZED BOOKS LTD ، _c1993 |
||
| 300 | _a259 P | ||
| 650 | 0 | 4 | _aKURDS |
| 650 | 0 | 4 | _aKURDISTAN |
| 650 | 0 | 4 | _aKURDISTAN - HISTORY |
| 942 |
_2ddc _cBK |
||
| 999 |
_c25571 _d25571 |
||